Bandiere del Mondo - Africa Quiz n°3 - Statistics

Statistiche generali
  • Questo quiz è stato fatto 108 volte
  • Il punteggio medio è 15 su 18
Statistiche sulle risposte
con Immagini Risposta % Corretto
Egitto
97%
Sudafrica
95%
Algeria
93%
Angola
93%
Burundi
88%
Ciad
88%
Seychelles
88%
Lesotho
87%
Niger
87%
Madagascar
86%
Malawi
79%
Mauritius
79%
Repubblica del Congo
76%
Togo
76%
Comore
74%
Mauritania
72%
Gambia
68%
Guinea
68%
Nessun quiz corrispondente trovato
Distribuzione punteggi
Percentuale di utenti per punteggio
Percentile per numero di risposta
I tuoi punteggi nel tempo
Non hai fatto questo quiz